<?xml version="1.0" encoding="UTF-8"?>
<collection xmlns="http://www.loc.gov/MARC21/slim">
 <record>
  <leader>01328nam a22002177a 4500</leader>
  <controlfield tag="001">NCT_4_010818</controlfield>
  <controlfield tag="008">240617b        xxu||||| |||| 00| 0 vie d</controlfield>
  <datafield tag="999" ind1=" " ind2=" ">
   <subfield code="c">8491</subfield>
   <subfield code="d">8491</subfield>
  </datafield>
  <datafield tag="020" ind1=" " ind2=" ">
   <subfield code="c">125000</subfield>
   <subfield code="a">9786042335669</subfield>
  </datafield>
  <datafield tag="082" ind1="0" ind2="4">
   <subfield code="2">23rd ed.</subfield>
   <subfield code="a">005.13</subfield>
   <subfield code="b">L783</subfield>
  </datafield>
  <datafield tag="100" ind1="1" ind2=" ">
   <subfield code="a">Liukas, Linda</subfield>
  </datafield>
  <datafield tag="245" ind1="1" ind2="0">
   <subfield code="a">Hello Ruby Cuộc phiêu lưu vào thế giới lập trình</subfield>
   <subfield code="c">Linda Liukas ; Dịch: Đức Anh, Quỳnh Anh </subfield>
  </datafield>
  <datafield tag="260" ind1=" " ind2=" ">
   <subfield code="a">H.</subfield>
   <subfield code="b">Kim Đồng </subfield>
   <subfield code="c">2023</subfield>
  </datafield>
  <datafield tag="300" ind1=" " ind2=" ">
   <subfield code="a">112 tr.</subfield>
   <subfield code="b">tranh vẽ</subfield>
   <subfield code="c">24cm</subfield>
  </datafield>
  <datafield tag="520" ind1="3" ind2=" ">
   <subfield code="a">&quot;Hello Ruby - Cuộc Phiêu Lưu Vào Thế Giới Lập Trình&quot; là một cuốn sách phiêu lưu hấp dẫn, dành cho các độc giả nhí muốn khám phá và học hỏi về lập trình một cách thú vị. Trong câu chuyện này, Ruby - nhân vật chính, sẽ bắt đầu một cuộc hành trình để tìm kiếm kho báu bằng cách giải quyết các câu đố lập trình khác nhau.</subfield>
  </datafield>
  <datafield tag="653" ind1=" " ind2=" ">
   <subfield code="a">Tham khảo</subfield>
  </datafield>
  <datafield tag="700" ind1="0" ind2=" ">
   <subfield code="a">Đức Anh</subfield>
   <subfield code="e">dịch</subfield>
  </datafield>
  <datafield tag="700" ind1="0" ind2=" ">
   <subfield code="a">Quỳnh Anh </subfield>
   <subfield code="e">dịch </subfield>
  </datafield>
  <datafield tag="942" ind1=" " ind2=" ">
   <subfield code="2">ddc</subfield>
   <subfield code="c">BK</subfield>
  </datafield>
  <datafield tag="952" ind1=" " ind2=" ">
   <subfield code="0">0</subfield>
   <subfield code="1">0</subfield>
   <subfield code="2">ddc</subfield>
   <subfield code="4">0</subfield>
   <subfield code="6">005_130000000000000_L783</subfield>
   <subfield code="7">0</subfield>
   <subfield code="9">29179</subfield>
   <subfield code="a">000001</subfield>
   <subfield code="b">000001</subfield>
   <subfield code="d">2024-06-18</subfield>
   <subfield code="o">005.13 L783</subfield>
   <subfield code="p">TK.04382</subfield>
   <subfield code="r">2024-06-18</subfield>
   <subfield code="v">125000.00</subfield>
   <subfield code="w">2024-06-18</subfield>
   <subfield code="y">BK</subfield>
  </datafield>
  <datafield tag="980" ind1=" " ind2=" ">
   <subfield code="a">Thư viện Trường Đại học Nam Cần Thơ</subfield>
  </datafield>
 </record>
</collection>
